On doctoring (Record no. 989)

000 -LEADER
fixed length control field 00566nam a22001937a 4500
005 - DATE AND TIME OF LATEST TRANSACTION
control field 20210426113230.0
008 - FIXED-LENGTH DATA ELEMENTS--GENERAL INFORMATION
fixed length control field 210127b2001 eng||||| |||| 00| 0 eng d
020 ## - INTERNATIONAL STANDARD BOOK NUMBER
International Standard Book Number 9781451624120
040 ## - CATALOGING SOURCE
Transcribing agency DLC
080 ## - UNIVERSAL DECIMAL CLASSIFICATION NUMBER
Universal Decimal Classification number 821.111
Item number R-49
100 ## - MAIN ENTRY--PERSONAL NAME
9 (RLIN) 704
Personal name Reynolds,Richard,M.D
Relator term editor
245 ## - TITLE STATEMENT
Title On doctoring
Remainder of title /:stories, poems, essays
260 ## - PUBLICATION, DISTRIBUTION, ETC.
Place of publication, distribution, etc. /:New York
Name of publisher, distributor, etc. Simon @schuster
Date of publication, distribution, etc. 2001
300 ## - PHYSICAL DESCRIPTION
Extent 415 p.
650 #0 - SUBJECT ADDED ENTRY--TOPICAL TERM
9 (RLIN) 247
Topical term or geographic name entry element English literature
653 ## - INDEX TERM--UNCONTROLLED
Uncontrolled term ინგლისური ლიტერატურა
700 ## - ADDED ENTRY--PERSONAL NAME
9 (RLIN) 705
Personal name Stone,John M.D
942 ## - ADDED ENTRY ELEMENTS (KOHA)
Source of classification or shelving scheme
Koha item type Books
Holdings
Withdrawn status Lost status Source of classification or shelving scheme Damaged status Not for loan Permanent location Current location Date acquired Inventory number Total Checkouts Full call number Barcode Date last seen Price effective from Koha item type
          Ken Walker International University Ken Walker International University 01/27/2021 2496   821.111 R-49 2496 01/27/2021 01/27/2021 Books
          Ken Walker International University Ken Walker International University 01/28/2021 2532   821.111 R-49 2532 01/28/2021 01/28/2021 Books

Powered by Koha